Ernesto /

Guardat en:
Dades bibliogràfiques
Autor principal: Saba, Umberto (Autor)
Format: Llibre
Idioma:italià
Publicat: Torino : Einaudi, c1975
Edició:3. ed
Col·lecció:Einaudi letteratura ; 46
Etiquetes: Afegir etiqueta
Sense etiquetes, Sigues el primer a etiquetar aquest registre!

MARC

LEADER 00000nam a22000007i 4500
001 IT\ICCU\CSA\0049816
003 ItRI
005 20250214223618.0
008 950504s1975 it |||||| ||||| |||||c
040 |b ita  |c Arcigay Genova 
041 7 |a ita  |2 ISO-639-2 
100 1 |a Saba, Umberto  |0 IT\ICCU\CFIV\005845  |4 aut 
240 1 0 |a Ernesto  |9 Saba, Umberto 
245 1 0 |a Ernesto /  |c Umberto Saba. 
250 |a 3. ed 
260 |a Torino :  |b Einaudi,  |c c1975 
300 |a 162 p. ;  |c 21 cm 
830 0 |a Einaudi letteratura ;  |v 46  |0 IT\ICCU\CFI\0002813 
942 |2 ddc  |c BK 
952 |0 0  |1 0  |2 ddc  |4 0  |6 853_914000000000000_SAB_ERN  |7 1  |9 3126  |a GE  |b GE  |d 2025-02-14  |l 0  |o 853.914 SAB ERN  |p 1537  |r 2025-02-14 22:39:43  |w 2025-02-14  |x Donazione di Alvaro Bazzano  |y BK  |z Donazione AB 
981 1 |6 z01  |a i   |b xxxe  
982 1 |6 z01  |a n 
999 |c 2517  |d 2517